| 000 | 00933nam a2200301Ia 4500 | ||
|---|---|---|---|
| 003 | OSt | ||
| 005 | 20220912145232.0 | ||
| 006 | a|||||r|||| 00| 0 | ||
| 007 | ta | ||
| 008 | 220909b |||||||| |||| 00| 0 eng d | ||
| 020 | _a9781848211742 (hbd) | ||
| 024 | _a106112 | ||
| 037 | _cTextual | ||
| 040 |
_aCSL _beng _cCSL |
||
| 041 | _aeng | ||
| 082 | _aB281, Q0 | ||
| 100 | _aPralet Cedric | ||
| 245 | 0 | _aSequential decision-making problems:representation and solution | |
| 260 |
_aNew Jersey _bWiley _c2010 |
||
| 300 |
_axvi, 325p. _ccm. |
||
| 500 | _aIncludes bibliographical references.; Appendices A-D, 213-312p.; Bibliography 313-322p.; Index 323-325p. | ||
| 650 | _a Decision making problems | ||
| 650 | _aStatistics | ||
| 700 | _a Schiex Thomas | ||
| 700 | _a Verfaillie Gerard | ||
| 942 |
_hB281, Q0 _cTEXL _2CC |
||
| 999 |
_c26755 _d26755 |
||